[Event "Budapest-chT1 Lilienthal 1213"]
[Site "Budapest"]
[Date "2012.09.30"]
[Round "1"]
[White "Farkas, Akos"]
[Black "Szell, Balint"]
[Result "1-0"]
[WhiteElo "1838"]
[BlackElo "1318"]
[PlyCount "51"]
[EventDate "2012.09.30"]
[EventType "team-tourn"]
[EventRounds "11"]
[EventCountry "HUN"]
[SourceTitle "EXT 2019"]
[Source "ChessBase"]
[SourceDate "2018.10.10"]
[SourceVersion "1"]
[SourceVersionDate "2018.10.10"]
[SourceQuality "1"]
[WhiteTeam "Sarkany II"]
[BlackTeam "Budapest Ujpest KSE"]
[WhiteTeamCountry "HUN"]
[BlackTeamCountry "HUN"]

1. d4 d5 2. c4 e6 3. Nc3 Nf6 4. Bf4 Bd7 5. Qb3 a6 6. Qxb7 Bc6 7. Qxc7 Qxc7 8. Bxc7 dxc4 9. f3 Be7 10. e4 Bb5 11. a4 Bc6 12. Bxc4 0-0 13. Nge2 Bb7 14. b3 Nc6 15. 0-0 Bb4 16. d5 exd5 17. exd5 Na5 18. Rfd1 Rfc8 19. d6 Bc6 20. Bd5 Nxd5 21. Nxd5 Bc5+ 22. Kh1 Re8 23. Bxa5 Bxd6 24. Nb6 Be5 25. Nxa8 Bxa1 26. Nc7 1-0